000 00446nam a2200157Ia 4500
008 210716s2005 xx 000 0 und d
020 _a8129704757
041 _aeng
082 _a332.64 RANM
100 _aRanganatham, M;Madhumathi, R.
245 _aInvestment analysis and portfolio management.
250 _a1
260 _aNew Delhi
_bPearson Education
_c2005
300 _axiii,526
650 _aInvestment Analysis & Portfolio Management
999 _c199131
_d199131